Careers for women : a novel /
Working for the New York Port Authority in the late 1950s under the tutelage of a legendary publicist, Maggie Gleason befriends her boss's newest protégé, who goes missing amid rumors about a devastating secret from the past.
Saved in:
| Main Author: | |
|---|---|
| Format: | Book |
| Language: | English |
| Published: |
New York :
Little, Brown and Company,
2017.
|
| Edition: | First edition. |
| Subjects: | |
| Tags: |
Add Tag
No Tags, Be the first to tag this record!
|
| LEADER | 01510cam a2200409Ii 4500 | ||
|---|---|---|---|
| 001 | 015073770-X | ||
| 005 | 20171025144706.0 | ||
| 008 | 161121s2017 nyu 000 1 eng d | ||
| 020 | |a 0316363839 | ||
| 020 | |a 9780316363839 | ||
| 035 | 0 | |a ocn962801161 | |
| 040 | |a YDX |b eng |c YDX |d AZZPT |d TOH |d HQD |d OCLCO |d VTL |d OCLCO |d LEB |d JAS | ||
| 043 | |a n-us-ny | ||
| 050 | 1 | 4 | |a PS3569.C636 |b C37 2017 |
| 082 | 0 | 4 | |a 813/.54 |2 23 |
| 100 | 1 | |a Scott, Joanna, |d 1960- |e author. | |
| 245 | 1 | 0 | |a Careers for women : |b a novel / |c Joanna Scott. |
| 250 | |a First edition. | ||
| 264 | 1 | |a New York : |b Little, Brown and Company, |c 2017. | |
| 300 | |a 295 pages ; |c 22 cm | ||
| 336 | |a text |2 rdacontent | ||
| 337 | |a unmediated |2 rdamedia | ||
| 338 | |a volume |2 rdacarrier | ||
| 520 | |a Working for the New York Port Authority in the late 1950s under the tutelage of a legendary publicist, Maggie Gleason befriends her boss's newest protégé, who goes missing amid rumors about a devastating secret from the past. | ||
| 650 | 0 | |a Young women |v Fiction. | |
| 650 | 0 | |a Female friendship |v Fiction. | |
| 651 | 0 | |a New York (N.Y.) |x History |y 20th century |v Fiction. | |
| 655 | 7 | |a Historical fiction. |2 lcgft | |
| 655 | 7 | |a Historical fiction. |2 gsafd | |
| 655 | 7 | |a Fiction. |2 fast |0 (OCoLC)fst01423787 | |
| 655 | 7 | |a Historical fiction. |2 fast |0 (OCoLC)fst01726640 | |
| 655 | 7 | |a History. |2 fast |0 (OCoLC)fst01411628 | |
| 655 | 7 | |a Historical fiction. |2 sears | |
| 899 | |a 285_473354 | ||
| 899 | |a 415_565689 | ||
| 988 | |a 20170726 | ||
| 906 | |0 OCLC | ||


